LEADER 01109nam0 22002651i 450 001 UON00197463 005 20231205103239.331 010 $a88-343-1241-4 100 $a20030730d1995 |0itac50 ba 101 $aita 102 $aIT 105 $a|||| ||||| 200 1 $a Chiesa e mondo feudale nei secoli X-XII$eatti della dodicesima settimana internazionale di studio Mendola, 24-28 agosto 1992 210 $aMilano$cVita e Pensiero$d1995. XV$d640 p. ; 24 cm. 410 1$1001UON00067572$12001 $aScienze storiche$v59 606 $aChiesa$xStoria$xSec. 09.-12.$3UONC037007$2FI 620 $aIT$dMilano$3UONL000005 676 $a282.09$cChiesa cattolica. Storia, geografia, persone$v21 712 $aVita e Pensiero$3UONV247269$4650 801 $aIT$bSOL$c20250801$gRICA 899 $aSIBA - SISTEMA BIBLIOTECARIO DI ATENEO$2UONSI 912 $aUON00197463 950 $aSIBA - SISTEMA BIBLIOTECARIO DI ATENEO$dSI EUR B 1040 $eSI SC 29942 5 1040 $sBuono 996 $aCHIESA e mondo feudale nei secoli X-XII$9471010 997 $aUNIOR